000 01149nam a22003377a 4500
003 CHAP
005 20220329135736.0
008 971013s1985 r 00010 d
010 _a41349
011 _a42321
035 _a46449
040 _cCHAP
090 _aTesis
100 0 0 _aEnríquez Ruvalcaba, Vidal.
_937059
245 _aAnálisis combinado de series desbalaceadas de experimentos cañeros
_b: variedades
260 _aChapingo, Méx. :
_bEl autor,
_c1985
300 _a190 h.
502 _aTesis (Ing. Agr. Esp. en Fitotecnia) -- UACH. Departamento de Fitotecnia
590 _aALEPH
_b10
_c20130110
_lUCH01
_h1310
590 _aBATCH-UPD
_b10
_c20130110
_lUCH01
_h1223
590 _aBATCH-UPD
_b10
_c20130410
_lUCH01
_h0756
590 _aBATCH-UPD
_b10
_c20130914
_lUCH01
_h0836
590 _aCONVERSION
_b10
_c20130109
_lUCH01
_h1323
650 1 4 _aAnalisis combinatorio.
_95963
650 1 4 _aCaña de azúcar
_xModelos matemáticos.
_918631
650 1 4 _aCaña de azúcar
_xRendimiento.
_918643
650 1 4 _aCaña de azúcar
_xVariedades.
_918661
901 _aBK
942 _cTESIS
949 _bBC
_cTES
_d-105893
_eTS1
_h18140
_i46449
_si
999 _c41349
_d41349